Gminy województwa łódzkiego na mapie - Statystyki

Ogólne statystyki
  • Ten quiz został rozwiązany 1 604 razy
    981 od ostatniego zresetowania
  • Średni wynik to 72 z 177
Odpowiedzi na mapie
Odpowiedzi zakodowano w zielono-czerwonej skali na mapie do tego quizu, zgodnie z poniższymi procentami.
 
Statystyki odpowiedzi
Powiat Typ gminy Gmina % Poprawnych
miasta na prawach powiatu miejska m. Łódź
96%
miasta na prawach powiatu miejska m. Piotrków Trybunalski
89%
pabianicki miejska | wiejska Pabianice
88%
bełchatowski miejska | wiejska Bełchatów
87%
miasta na prawach powiatu miejska m. Skierniewice
87%
zgierski miejska | wiejska Zgierz
87%
skierniewicki wiejska Skierniewice
86%
piotrkowski wiejska Aleksandrów
85%
sieradzki miejska | wiejska Sieradz
84%
tomaszowski wiejska Tomaszów Mazowiecki
84%
kutnowski miejska | wiejska Kutno
83%
tomaszowski miejska Tomaszów Mazowiecki
83%
łaski miejsko-wiejska Łask
80%
radomszczański miejska | wiejska Radomsko
80%
łowicki miejska | wiejska Łowicz
79%
wieluński miejsko-wiejska Wieluń
79%
zduńskowolski miejska | wiejska Zduńska Wola
79%
brzeziński miejska | wiejska Brzeziny
78%
łęczycki miejska | wiejska Łęczyca
77%
opoczyński miejsko-wiejska Opoczno
77%
poddębicki miejsko-wiejska Poddębice
77%
rawski miejska | wiejska Rawa Mazowiecka
77%
pabianicki miejska Konstantynów Łódzki
75%
pajęczański miejsko-wiejska Pajęczno
75%
łódzki wschodni miejsko-wiejska Rzgów
73%
zgierski miejsko-wiejska Aleksandrów Łódzki
72%
łódzki wschodni miejsko-wiejska Koluszki
70%
wieruszowski miejsko-wiejska Wieruszów
69%
łódzki wschodni miejsko-wiejska Tuszyn
68%
poddębicki miejsko-wiejska Uniejów
67%
zgierski miejsko-wiejska Stryków
66%
wieluński wiejska Biała
65%
zgierski wiejska Ozorków
65%
zgierski miejska Ozorków
64%
piotrkowski miejsko-wiejska Sulejów
61%
zgierski wiejska Głowno
60%
zgierski miejska Głowno
59%
pabianicki miejsko-wiejska Lutomiersk
57%
sieradzki miejsko-wiejska Warta
57%
bełchatowski miejsko-wiejska Zelów
57%
rawski miejsko-wiejska Biała Rawska
56%
łódzki wschodni wiejska Andrespol
55%
łęczycki miejsko-wiejska Piątek
55%
radomszczański miejsko-wiejska Kamieńsk
54%
łódzki wschodni wiejska Nowosolna
54%
zduńskowolski miejsko-wiejska Szadek
54%
pabianicki wiejska Ksawerów
53%
brzeziński miejsko-wiejska Jeżów
52%
tomaszowski miejsko-wiejska Inowłódz
50%
bełchatowski wiejska Kleszczów
50%
pajęczański miejsko-wiejska Działoszyn
48%
wieruszowski miejsko-wiejska Lututów
48%
piotrkowski miejsko-wiejska Wolbórz
48%
opoczyński miejsko-wiejska Drzewica
47%
tomaszowski miejsko-wiejska Ujazd
47%
kutnowski miejsko-wiejska Żychlin
47%
radomszczański miejsko-wiejska Przedbórz
46%
sieradzki miejsko-wiejska Błaszki
43%
zgierski miejsko-wiejska Parzęczew
42%
brzeziński wiejska Rogów
42%
sieradzki miejsko-wiejska Złoczew
42%
skierniewicki miejsko-wiejska Bolimów
41%
kutnowski miejsko-wiejska Krośniewice
41%
piotrkowski miejsko-wiejska Rozprza
40%
skierniewicki wiejska Lipce Reymontowskie
37%
wieluński miejsko-wiejska Osjaków
37%
opoczyński miejsko-wiejska Żarnów
37%
pabianicki wiejska Dobroń
36%
pabianicki wiejska Dłutów
35%
bełchatowski wiejska Szczerców
35%
łódzki wschodni wiejska Brójce
34%
piotrkowski wiejska Wola Krzysztoporska
34%
łaski wiejska Widawa
33%
łęczycki miejsko-wiejska Grabów
32%
piotrkowski wiejska Moszczenica
32%
wieruszowski miejsko-wiejska Bolesławiec
31%
piotrkowski wiejska Czarnocin
31%
opoczyński wiejska Paradyż
31%
tomaszowski wiejska Rokiciny
31%
łaski wiejska Buczek
30%
łowicki miejsko-wiejska Kiernozia
30%
łęczycki wiejska Góra Świętej Małgorzaty
29%
bełchatowski wiejska Kluki
29%
bełchatowski wiejska Rusiec
29%
brzeziński wiejska Dmosin
28%
bełchatowski wiejska Drużbice
28%
opoczyński miejsko-wiejska Białaczów
27%
piotrkowski wiejska Grabica
27%
radomszczański wiejska Gidle
26%
łowicki wiejska Nieborów
26%
kutnowski wiejska Strzelce
26%
sieradzki wiejska Burzenin
24%
piotrkowski wiejska Gorzkowice
24%
łaski wiejska Sędziejowice
24%
łaski wiejska Wodzierady
24%
zduńskowolski wiejska Zapolice
24%
kutnowski miejsko-wiejska Dąbrowice
23%
opoczyński wiejska Mniszków
23%
opoczyński wiejska Sławno
23%
radomszczański wiejska Żytno
23%
piotrkowski wiejska Ręczno
22%
sieradzki wiejska Wróblew
22%
łowicki wiejska Zduny
22%
tomaszowski wiejska Będków
21%
poddębicki wiejska Dalików
21%
tomaszowski wiejska Lubochnia
21%
opoczyński wiejska Poświętne
21%
łęczycki wiejska Świnice Warckie
21%
poddębicki wiejska Wartkowice
21%
radomszczański wiejska Wielgomłyny
21%
radomszczański wiejska Gomunice
20%
piotrkowski wiejska Łęki Szlacheckie
20%
radomszczański wiejska Lgota Wielka
20%
tomaszowski wiejska Żelechlinek
20%
sieradzki wiejska Brąszewice
19%
sieradzki wiejska Klonowa
19%
radomszczański wiejska Kodrąb
19%
radomszczański wiejska Masłowice
19%
tomaszowski wiejska Rzeczyca
19%
pajęczański wiejska Sulmierzyce
19%
poddębicki wiejska Zadzim
19%
sieradzki wiejska Brzeźnio
18%
skierniewicki wiejska Maków
18%
poddębicki wiejska Pęczniew
18%
pajęczański wiejska Rząśnia
18%
pajęczański wiejska Siemkowice
18%
pajęczański wiejska Strzelce Wielkie
18%
rawski wiejska Cielądz
17%
wieluński wiejska Czarnożyły
17%
tomaszowski wiejska Czerniewice
17%
łowicki wiejska Domaniewice
17%
skierniewicki wiejska Głuchów
17%
radomszczański wiejska Kobiele Wielkie
17%
łowicki wiejska Łyszkowice
17%
pajęczański wiejska Nowa Brzeźnica
17%
wieluński wiejska Pątnów
17%
rawski wiejska Sadkowice
17%
wieluński wiejska Wierzchlas
17%
łowicki wiejska Bielawy
16%
tomaszowski wiejska Budziszewice
16%
radomszczański wiejska Dobryszyce
16%
pajęczański wiejska Kiełczygłów
16%
wieluński wiejska Konopnica
16%
kutnowski wiejska Krzyżanów
16%
kutnowski wiejska Oporów
16%
skierniewicki wiejska Słupia
16%
łowicki wiejska Chąśno
15%
sieradzki wiejska Goszczanów
15%
rawski wiejska Regnów
15%
kutnowski wiejska Bedlno
14%
wieruszowski wiejska Czastary
14%
wieruszowski wiejska Galewice
14%
łowicki wiejska Kocierzew Południowy
14%
radomszczański wiejska Ładzice
14%
wieruszowski wiejska Sokolniki
14%
łęczycki wiejska Witonia
14%
kutnowski wiejska Łanięta
13%
wieluński wiejska Mokrsko
13%
kutnowski wiejska Nowe Ostrowy
13%
wieluński wiejska Ostrówek
13%
wieluński wiejska Skomlin
13%
łęczycki wiejska Daszyna
12%
skierniewicki wiejska Kowiesy
12%
wieruszowski wiejska Łubnice
12%
skierniewicki wiejska Nowy Kawęczyn
12%
skierniewicki wiejska Godzianów
11%
Nie znaleziono quizów pasujących do podanych kryteriów
Rozkład punktacji
Procent ludzi z każdym wynikiem
Percentyl według liczby udzielonych odpowiedzi
Twoja historia wyników
Nie rozwiązałeś tego quizu od ostatniego zresetowania